000
00267nam a2200109Ia 4500
008
220216s9999 xx 000 0 und d
245
0
_a
Agricultural tyre market hardly buoyant
260
_b
Rubber Asia
_c
2001
300
_a
49-52
650
_a
Tyre market
942
_c
JS
999
_c
53964
_d
53964